Real Soccer Players - Sudden Death - Statistics

General Stats
  • This quiz has been taken 188 times
  • The average score is 6 of 12
Answers on the Grid
Answers color-coded by a green-red scale on the quiz's grid according to % correct below.
Wilfried Zaha
Tiemoué Bakayoko
Achraf Hakimi
Raúl Jiménez
Josip Iličić
Dusan Tadić
Piotr Zieliński
Woust Weghorst
Héctor Bellerín
Giovani Lo Celso
Xherdan Shaqiri
Keisuke Honda
Marco Villanueva
Luca Santorini
Dario Petrovic
Felipe Mendez
Jovan Radic
Tomasz Kaczmarek
Nikolai Ivanov
Diego Alvarez
Adrian Stancu
Khalid Al-Masri
Mateo Ribeiro
Sven Dahlberg
 
Answer Stats
Answer % Correct
Achraf Hakimi
66%
Xherdan Shaqiri
66%
Wilfried Zaha
61%
Dusan Tadić
58%
Raúl Jiménez
55%
Héctor Bellerín
53%
Woust Weghorst
53%
Giovani Lo Celso
48%
Tiemoué Bakayoko
41%
Josip Iličić
39%
Piotr Zieliński
38%
Keisuke Honda
34%
No matching quizzes found
Score Distribution
Percent of People with Each Score
Percentile by Number Answered
Your Score History
You have not taken this quiz